Washington Wizards All-Time Starters - Statistics

General Stats
  • This quiz has been taken 39 times
  • The average score is 4 of 7
Answer Stats
Hint Answer % Correct
PG John Wall
97%
C Wes Unseld
83%
PF Elvin Hayes
60%
SG Gilbert Arenas
60%
6th man Earl Monroe
31%
SF Gus Johnson
20%
Coach Dick Motta
6%
No matching quizzes found
Score Distribution
Percent of People with Each Score
Percentile by Number Answered
Your Score History
You have not taken this quiz